<?xml version="1.0" encoding="UTF-8"?>
<record
    xmlns:xsi="http://www.w3.org/2001/XMLSchema-instance"
    xsi:schemaLocation="http://www.loc.gov/MARC21/slim http://www.loc.gov/standards/marcxml/schema/MARC21slim.xsd"
    xmlns="http://www.loc.gov/MARC21/slim">

  <leader>00802nam a22002177a 4500</leader>
  <controlfield tag="005">20230621094043.0</controlfield>
  <controlfield tag="008">230621b        mx |||||||| |||| 00| 0 spa d</controlfield>
  <datafield tag="050" ind1="0" ind2="4">
    <subfield code="a">S591</subfield>
    <subfield code="b">T48 1984</subfield>
  </datafield>
  <datafield tag="100" ind1="1" ind2=" ">
    <subfield code="a">Teuscher, Henry,</subfield>
    <subfield code="e">autor</subfield>
  </datafield>
  <datafield tag="240" ind1="1" ind2="0">
    <subfield code="a">The soil and its fertility.</subfield>
    <subfield code="l">Espa&#xF1;ol</subfield>
  </datafield>
  <datafield tag="245" ind1="1" ind2="3">
    <subfield code="a">El suelo y su fertilidad </subfield>
    <subfield code="c"> / Henry Teuscher, Rudolph Adler ; en colaboraci&#xF3;n con Jerome P. Seaton ; traducido por Rodolfo Vera Y Zapata.</subfield>
  </datafield>
  <datafield tag="250" ind1=" " ind2=" ">
    <subfield code="a">1a ed.</subfield>
  </datafield>
  <datafield tag="260" ind1=" " ind2=" ">
    <subfield code="a">M&#xE9;xico :</subfield>
    <subfield code="b">Continental,</subfield>
    <subfield code="c">1984</subfield>
  </datafield>
  <datafield tag="300" ind1=" " ind2=" ">
    <subfield code="a">510 p. ;</subfield>
    <subfield code="c">23 cm.</subfield>
  </datafield>
  <datafield tag="500" ind1=" " ind2=" ">
    <subfield code="a">Incluye ap&#xE9;ndices, bibliograf&#xED;as, glosario e &#xED;ndice</subfield>
  </datafield>
  <datafield tag="650" ind1=" " ind2="7">
    <subfield code="2">lemb</subfield>
    <subfield code="a">Fertilidad de suelos</subfield>
  </datafield>
  <datafield tag="700" ind1="1" ind2=" ">
    <subfield code="a">Adler, Rudolph, </subfield>
    <subfield code="e">autor</subfield>
  </datafield>
  <datafield tag="700" ind1="1" ind2=" ">
    <subfield code="a">Seaton, Jerome P., </subfield>
    <subfield code="e">colaborador</subfield>
  </datafield>
  <datafield tag="700" ind1="1" ind2=" ">
    <subfield code="a">Vera y Zapata, Rodolfo, </subfield>
    <subfield code="e">traductor</subfield>
  </datafield>
  <datafield tag="942" ind1=" " ind2=" ">
    <subfield code="2">lcc</subfield>
    <subfield code="c">LIB</subfield>
  </datafield>
  <datafield tag="999" ind1=" " ind2=" ">
    <subfield code="c">56265</subfield>
    <subfield code="d">56265</subfield>
  </datafield>
  <datafield tag="952" ind1=" " ind2=" ">
    <subfield code="1">0</subfield>
    <subfield code="2">lcc</subfield>
    <subfield code="4">0</subfield>
    <subfield code="7">0</subfield>
    <subfield code="a">LIC-013</subfield>
    <subfield code="b">LIC-013</subfield>
    <subfield code="c">GENERAL</subfield>
    <subfield code="d">2015-06-23</subfield>
    <subfield code="f">1a ed.</subfield>
    <subfield code="k">CA</subfield>
    <subfield code="o">S591 T48 r1984</subfield>
    <subfield code="p">MVZ000001046</subfield>
    <subfield code="r">2015-06-23 00:00:00</subfield>
    <subfield code="t">C:1</subfield>
    <subfield code="y">LIB</subfield>
  </datafield>
  <datafield tag="952" ind1=" " ind2=" ">
    <subfield code="1">0</subfield>
    <subfield code="2">lcc</subfield>
    <subfield code="4">0</subfield>
    <subfield code="7">0</subfield>
    <subfield code="a">UCIH</subfield>
    <subfield code="b">UCIH</subfield>
    <subfield code="c">GENERAL</subfield>
    <subfield code="d">2023-06-21</subfield>
    <subfield code="f">1a ed.</subfield>
    <subfield code="k">CA</subfield>
    <subfield code="l">0</subfield>
    <subfield code="o">S591 T48 r1975</subfield>
    <subfield code="p">BCU000023091</subfield>
    <subfield code="r">2023-06-21 00:00:00</subfield>
    <subfield code="t">1</subfield>
    <subfield code="v">1.00</subfield>
    <subfield code="y">LIB</subfield>
  </datafield>
</record>
